000 00477nam a2200181Ia 4500
005 20250508152851.0
008 008 250505s9999 xx 000 0 eng d
037 _aTextual
040 _aFEDL
_beng
_cFEDL
041 _aeng
_2eng
084 _a891.443, TAG
_qFEDL
100 _aTagore Rabindranath
245 0 _aFour chapters
260 _aCalcutta, India
_bVisva-Bharati
300 _a85p.
942 _cTEXL
_h891.443, TAG
999 _c1339286
_d1339286